Water reports N15 Irrigation in the countries of the former Soviet Union in figures

Kaydedildi:
Detaylı Bibliyografya
Yazar: FAO
Materyal Türü: Kitap
Dil:Undetermined
Baskı/Yayın Bilgisi: Rome FAO 1997
Konular:
Etiketler: Etiketle
Etiket eklenmemiş, İlk siz ekleyin!
Thư viện lưu trữ: Trung tâm Học liệu Trường Đại học Cần Thơ
LEADER 00534nam a2200193Ia 4500
001 CTU_22974
008 210402s9999 xx 000 0 und d
082 |a 631 
082 |b W324/N15 
100 |a FAO 
245 0 |a Water reports N15 
245 0 |b Irrigation in the countries of the former Soviet Union in figures 
245 0 |c FAO 
260 |a Rome 
260 |b FAO 
260 |c 1997 
650 |a drainage,irrigation 
904 |i Nguyễn Quang Điền, 980710 
980 |a Trung tâm Học liệu Trường Đại học Cần Thơ